<?xml version="1.0" encoding="UTF-8"?>
<collection xmlns="http://www.loc.gov/MARC21/slim">
 <record>
  <leader>02004nam a2200229Ia 4500</leader>
  <controlfield tag="001">CTU_237795</controlfield>
  <controlfield tag="008">210402s9999    xx            000 0 und d</controlfield>
  <datafield tag="082" ind1=" " ind2=" ">
   <subfield code="a">621.38152</subfield>
  </datafield>
  <datafield tag="082" ind1=" " ind2=" ">
   <subfield code="b">T513</subfield>
  </datafield>
  <datafield tag="088" ind1=" " ind2=" ">
   <subfield code="a">8440103</subfield>
  </datafield>
  <datafield tag="100" ind1=" " ind2=" ">
   <subfield code="a">Nguyễn, Thanh Tùng</subfield>
  </datafield>
  <datafield tag="245" ind1=" " ind2="0">
   <subfield code="a">Khảo sát tính chất điện tử và vận chuyển điện tử của Penta SiC₂ Nanoribbons biến dạng đơn trục :</subfield>
  </datafield>
  <datafield tag="245" ind1=" " ind2="0">
   <subfield code="b">Luận văn Thạc sĩ Vật lý. Chuyên ngành vật lý lý thuyết và Vật lý toán</subfield>
  </datafield>
  <datafield tag="245" ind1=" " ind2="0">
   <subfield code="c">Nguyễn Thanh Tùng ; Nguyễn Thành Tiên (Cán bộ hướng dẫn)</subfield>
  </datafield>
  <datafield tag="260" ind1=" " ind2=" ">
   <subfield code="a">Cần Thơ</subfield>
  </datafield>
  <datafield tag="260" ind1=" " ind2=" ">
   <subfield code="b">Trường Đại học Cần Thơ</subfield>
  </datafield>
  <datafield tag="260" ind1=" " ind2=" ">
   <subfield code="c">2020</subfield>
  </datafield>
  <datafield tag="520" ind1=" " ind2=" ">
   <subfield code="a">Penta silicon dicarbide (penta SiC₂), một vật liệu cấu trúc ngũ giác bao gồm các nguyên tử carbon và silicon được xác định là ổn định và thể hiện các tính chất điện tử mới có thể dẫn đến nhiều ứng dụng tiềm năng trong các thiết bị điện tử. Trong luận văn này, chúng tôi nghiên cứu đặc tính điện tử và sự vận chuyển điện tử của penta silicon dicarbide nanoribbon biên răng cưa (SiC₂-SSPNR) dưới biến dạng đơn trục trong phạm vi từ độ nén 10 % đến độ giãn 10% bằng phương pháp phiếm hàm mật độ (DFT) kết hợp với hàm Green không cân bằng. Trong phạm vi biến dạng này, các cấu trúc đều có tính ổn định cao, các nguyên tử vẫn giữ nguyên cấu trúc mạng ngũ giác nhưng độ dài liên kết có sự thay đổi.</subfield>
  </datafield>
  <datafield tag="650" ind1=" " ind2=" ">
   <subfield code="a">Membranes (Technology),Màng (Công nghệ)</subfield>
  </datafield>
  <datafield tag="904" ind1=" " ind2=" ">
   <subfield code="i">Hải</subfield>
  </datafield>
  <datafield tag="910" ind1=" " ind2=" ">
   <subfield code="c">tvtrong</subfield>
  </datafield>
  <datafield tag="980" ind1=" " ind2=" ">
   <subfield code="a">Trung tâm Học liệu Trường Đại học Cần Thơ</subfield>
  </datafield>
 </record>
</collection>
